| 000 | 02450nam a22002177a 4500 | ||
|---|---|---|---|
| 003 | DO-CoUTE | ||
| 005 | 20260526180532.0 | ||
| 008 | 260526b dr ||||| |||| 00| 0 spa d | ||
| 040 |
_aDO-CoUTE _bspa _cDO-CoUTE |
||
| 082 | _aRD 190.082 M539m | ||
| 100 | 1 |
_aMendoza, Joseph _eAutor |
|
| 245 | 1 | 0 |
_aMujeres Filosofas y Sabiduria para el buen Vivir / _cJoseph Mendoza |
| 260 |
_aSanto Domingo, República Dominicana ; _c2024 |
||
| 300 |
_a547 Paginas : _c23cm, |
||
| 504 | _aIncluye referencia bibliográfica e índice. | ||
| 505 | _aCapítulo I: Mujeres filósofas de la antigüedad -- Capítulo II: Sobre filosofía y varias temáticas -- Capítulo III: Filosofía, estática y danza -- Capítulo IV: Función terapéutica de la filosofía y ética médica -- Capítulo V: Ética de la enfermería, fundamento cuidar y curar -- Capítulo VI: Lectura e interpretación filosófica -- Capítulo VII: Vida, sabiduría, lo trágico y saber elegir -- Capítulo VIII: El cuerpo, la muerte y la conciencia -- Capítulo IX: Razón, felicidad y contemplación -- Capítulo X: La mujer en la sombra de la identidad perdida -- Capítulo XI: Feminismo, sexualidad y Libertad de ser -- Capítulo XII: Amor, matrimonio, memoria y olvido -- Capítulo XIII: tristeza, dolor, vejez y melancolía -- Capítulo XIV: Educación, conocimiento, ciencia y tecnología -- Capítulo XV: Internet, ciberseguridad, redes y dudas cibernética -- Capítulo XVI: Lenguaje, imaginación y empatía -- Capítulo XVII: Amistad, convivencia y justicia -- Capítulo XVIII: Pensadores notables en el lenguaje de las filósofas -- Capítulo XIX: Poesía, pensamientos y palabras -- Capítulo XX: El ser en sí y la significación del otro -- Capítulo XXI: Cerebro, moralidad, memoria y neuroética -- Capítulo XXII: Soledad y soledad -- Capítulo XXIII: Metafísica, discurso y diálogo filosófico -- Capítulo XXIV: Periodismo, humanismo, diario y comunicación no verbal -- Capítulo XXV: Confianza, desconfianza, club de los desayunos filosóficos, ver y no ver -- Capítulo XVI: Dos mujeres filosóficas: entre el silencio y el olvido. | ||
| 520 | _aEsta obra reflexiona sobre el pensamiento filosófico de mujeres a lo largo de la historia y su vínculo con la ética del buen vivir. Una invitación al desarrollo personal desde una perspectiva de género y sabiduría práctica. | ||
| 650 | 4 | _aFilosofía | |
| 700 | 1 |
_aJoseph Mendoza _eAutor |
|
| 942 |
_2ddc _cBK |
||
| 999 |
_c24241 _d24241 |
||